000
00308nam a22001337a 4500
008
181206b xxu||||| |||| 00| 0 eng d
020
_a
9780716738596
041
_a
eng
080
_a
541
100
_a
12
101
_a
KIM
245
_a
A Mathcad Primer for Physical Chemistry
_c
Cady,M.P
942
_2
udc
_c
BK
999
_c
52925
_d
52925